000 00511nam a2200181Ia 4500
003 LDD
008 190117s9999 xx 000 0 und d
020 _c₹30
040 _cLDD
041 _ahi
082 _a8H4.709 न 1664 री-7
100 _aनगेन्द्र
245 0 _aरीति काव्य की भूमिका
_cनगेन्द्र
250 _a7 सं.
260 _aनई दिल्ली
_bनेशनल
_c1983
300 _a189प्र.
942 _2ddc
_cH
999 _c161881
_d161881